000 01024nam a2200277Ia 4500
001 ebr2001779
003 CaPaEBR
006 m u
007 cr cn|||||||||
008 030211s2001 enk s 000 1 eng d
020 _z1901843955
040 _aCaPaEBR
_cCaPaEBR
035 _a(OCoLC)70758745
050 1 4 _aPS2112
_b.P8 2001eb
100 1 _aJames, Henry,
_d1843-1916.
245 1 4 _aThe Pupil
_h[electronic resource] /
_cHenry James.
260 _aLondon :
_bElectric Book Co.,
_cc2001.
300 _a64 p.
533 _aElectronic reproduction.
_bPalo Alto, Calif. :
_cebrary,
_d2009.
_nAvailable via World Wide Web.
_nAccess may be limited to ebrary affiliated libraries.
600 1 0 _aJames, Henry,
_d1843-1916.
650 0 _aBody language
_vFiction.
650 0 _aAmerican literature
_y19th century.
655 7 _aElectronic books.
_2local
710 2 _aebrary, Inc.
856 4 0 _uhttp://site.ebrary.com/lib/rucke/Doc?id=2001779
_zAn electronic book accessible through the World Wide Web; click to view
999 _c127702
_d127702